University Home | Library Home | Institutional Repository

Essentials of clinical neuroanatomy and neurophysiology : (Record no. 39762)

MARC details
000 -LEADER
fixed length control field 00839cam1a220021700 4500
001 - CONTROL NUMBER
control field qce00220766
005 - DATE AND TIME OF LATEST TRANSACTION
control field 20190813163821.0
008 - FIXED-LENGTH DATA ELEMENTS--GENERAL INFORMATION
fixed length control field 660808s1966 paua 000 0 eng d
035 ## - SYSTEM CONTROL NUMBER
System control number (Sirsi) r88228
060 0# - NATIONAL LIBRARY OF MEDICINE CALL NUMBER
Classification number RC 347 GAT 1966
100 1# - MAIN ENTRY--PERSONAL NAME
Personal name Manter, John Tinkham, 1910-
Dates associated with a name Manter, John Tinkham, 1910-
Linkage A47646.1
245 10 - TITLE STATEMENT
Title Essentials of clinical neuroanatomy and neurophysiology :
Remainder of title [Rev. by] Arthur J. Gatz.
250 ## - EDITION STATEMENT
Edition statement 3rd ed.
260 ## - PUBLICATION, DISTRIBUTION, ETC.
Place of publication, distribution, etc. Philadelphia :
Name of publisher, distributor, etc. Davis,
Date of publication, distribution, etc. [c1966]
500 ## - GENERAL NOTE
General note First published in this ed. in 1966.
650 #2 - SUBJECT ADDED ENTRY--TOPICAL TERM
Topical term or geographic name entry element Nervous System -- anatomy and histology.
General subdivision Nervous System -- anatomy and histology.
Linkage S10922.1
650 #2 - SUBJECT ADDED ENTRY--TOPICAL TERM
Topical term or geographic name entry element Neurophysiology.
Linkage S2414.1
700 1# - ADDED ENTRY--PERSONAL NAME
Personal name Gatz, Arthur John, 1907-
Dates associated with a name Gatz, Arthur John, 1907-
Linkage A47647.1
949 ## - LOCAL PROCESSING INFORMATION (OCLC)
a RC347
w LC
i -123273
m MEDICAL
t BOOK
l ON-SHELF
Holdings
Withdrawn status Lost status Source of classification or shelving scheme Damaged status Not for loan Home library Current library Shelving location Total Checkouts Full call number Barcode Date last seen Copy number Price effective from Koha item type
    Library of Congress Classification     Medical Library Medical Library On Shelf   RC 347 GAT 1966 33729000433099 08/13/2019 1 08/13/2019 Book
© 2026 - The University of Zambia Library - Koha v25.11